000 00408nam a2200157Ia 4500
005 20240614024859.0
008 240331s9999 xx 000 0 und d
020 _a0803935765
082 _bBUZ
_a362.8
100 _aBuzawa, E.S
245 0 _aDomestic violence :
_bthe criminal justice response
260 _aCalifornia
_bSAGE Publications, Inc
_c1990
300 _a157 p .,
650 _aCrime
942 _cL
999 _c3214
_d3214